[Event "Turkey IS Bank Super League 2017"]
[Site "Darica-Kocaeli"]
[Date "2017.07.29"]
[Round "4"]
[White "Dastan, Muhammed Batuhan"]
[Black "Samani, Yamac"]
[Result "1/2-1/2"]
[WhiteElo "2529"]
[BlackElo "2263"]
[Annotator "TA"]
[PlyCount "118"]
[EventType "team-tourn"]
[EventCountry "TUR"]
[SourceTitle "playchess.com"]
[Source "ChessBase"]
[SourceQuality "1"]

{[%evp 17,118,-20,-10,-17,-23,-29,-24,-27,-37,-35,-29,-69,-36,-71,3,9,6,3,44,10,33,-27,-12,-83,-75,-97,-89,-128,-120,-143,-130,-147,-140,-176,-134,-135,-134,-179,-162,-138,-139,-200,-144,-256,-262,-250,-216,-252,-235,-291,-291,-290,-290,-289,-289,-289,-264,-289,-290,-290,-288,-286,-286,-371,-397,-505,-286,-286,-286,-286,-264,-380,-369,-357,-338,-347,0,-329,0,-280,-191,-191,-174,-204,-189,-209,-91,-241,-215,-458,-341,-506,-512,-483,-470,-502,-457,-450,-168,-359,-228,-213,-102]} 1. Nf3 d5 2. g3 g6 3. c4 dxc4 4. Na3 Bg7 5. Nxc4 Nc6 6. d3 {A09: Réti Opening: 1 Nf3 d5 2 c4} (6. Bg2 e5 7. d3 Nge7 8. O-O O-O 9. Bd2 Nd5 10. Rc1 h6 11. a3 Be6 12. b4 a6 13. e4 Nb6 14. Na5 Qxd3 15. Nxb7 Bc4 16. Re1 Qxa3 {1-0 (61) Carlsen,M (2853)-Nakamura,H (2787) chess.com INT 2016}) 6... e5 7. Bd2 a5 8. Bg2 Nge7 9. O-O O-O {LiveBook: 6 Games} 10. Bc3 {[%cal Rf3e5]} f6 11. b3 $146 ({Predecessor:} 11. Qc2 Be6 {1-0 (54) Almasi,Z (2684)-Gopal,G (2525) Gibraltar 2016}) 11... Be6 12. e4 b5 13. Ne3 Nd4 14. Nd2 c6 15. Nc2 Qb6 (15... Nxc2 $17 16. Qxc2 Qd6) 16. Nxd4 $11 exd4 17. Bb2 Rfc8 18. f4 {[%cal Bf2f4,Bf4f5][%mdl 32]} Ra7 19. Kh1 (19. a4 $14) 19... a4 20. g4 (20. f5 $11 {keeps the balance.} gxf5 21. exf5) 20... c5 $1 $17 21. f5 Bf7 22. Qe2 Nc6 23. Nf3 axb3 24. axb3 Rxa1 25. Bxa1 g5 26. h4 h6 {[%cal Bh7h6,Bh6g5][%mdl 32]} ({Much weaker is} 26... Bxb3 $6 27. hxg5 fxg5 28. e5 $11) 27. hxg5 hxg5 28. Rb1 b4 29. Kg1 (29. Bb2 $17 {was worth a try.}) 29... Qb8 30. Nd2 (30. e5 $17) 30... Ne5 $19 31. Bb2 Qb5 32. Bf1 Ra8 33. Qd1 Bf8 {[%cal Bg7f8,Bf8d6,Bd6c7][%mdl 32]} 34. Be2 Bd6 35. Ra1 Rxa1 36. Qxa1 Qb7 37. Qa5 {With the idea Qd8+.} Kg7 38. Kg2 Qc6 39. Qa1 Bc7 40. Kf1 Qd6 41. Qd1 Qa6 42. Qa1 Qc8 {And now ...Qh8 would win.} 43. Kg2 Bb8 44. Qd1 (44. Qb1 {might work better.}) 44... Qc7 45. Nf1 Qa7 46. Nd2 Qc7 {aiming for ...Nc4.} 47. Nf1 Qc8 48. Nd2 $1 Be8 49. Qc2 {intending Bxd4!} Qc7 $36 {[%mdl 2048] White is under strong pressure.} 50. Nf1 Qa7 51. Bc1 Bf7 (51... Bd6 $1 $19 {is more deadly. Hoping for ...Bb5.} 52. Ng3 Kg8) 52. Nd2 (52. Bd2 $17) 52... Bd6 53. Nf1 $2 (53. Nf3 {keeps fighting.}) 53... Qa1 54. Bd2 (54. Nd2 $142) 54... Qa3 55. Bd1 Qa6 56. Be2 Be8 57. Ng3 {White hopes to continue with Nh1.} Be7 $2 (57... Bb5 {[%cal Rb5d3]} 58. Nh5+ Kf7) 58. Nh5+ $2 (58. Nh1) 58... Bxh5 59. gxh5 {[#]} Kh6 {Precision: White = 39%, Black = 61%.} (59... c4 $1 $19 {[%mdl 512]} 60. bxc4 Qa3 61. h6+ Kxh6) 1/2-1/2

[Event "Turkey IS Bank Super League 2017"]
[Site "Darica-Kocaeli"]
[Date "2017.07.29"]
[Round "4"]
[White "Benidze, Davit"]
[Black "Abasov, Nijat"]
[Result "1/2-1/2"]
[WhiteElo "2515"]
[BlackElo "2577"]
[Annotator "TA"]
[PlyCount "60"]
[EventType "team-tourn"]
[EventCountry "TUR"]
[SourceTitle "playchess.com"]
[Source "ChessBase"]
[SourceQuality "1"]

{[%evp 32,60,8,7,7,7,7,7,6,8,7,7,7,7,7,7,7,7,8,0,0,0,0,0,7,0,7,0,7,0,12]} 1. e4 {[%cal Be2e4,Be4e5][%mdl 32]} c5 2. c3 Nf6 3. e5 Nd5 4. Nf3 Nc6 5. Bc4 Nb6 6. Bb3 d5 7. exd6 Qxd6 8. Na3 a6 9. O-O Bf5 10. d4 cxd4 11. Nxd4 Nxd4 12. cxd4 e6 {B22: Sicilian: 2 c3} 13. Qf3 Qd7 14. d5 Nxd5 15. Rd1 Bxa3 16. bxa3 O-O 17. h4 {[%cal Rb3d5] LiveBook: 4 Games. The position is equal.} Rac8 $1 18. Bxd5 exd5 19. Rxd5 Qe6 (19... Qe8 20. Rxf5 {½-½ (30) Howell,D (2644)-Vidit,S (2686) Douglas 2016}) 20. Rxf5 {[#] Threatens to win with Bd2.} Qe1+ $146 21. Kh2 {Strongly threatening Bb2.} Rxc1 22. Rxc1 Qxc1 23. Qxb7 Qxa3 $11 {[%mdl 4096] Endgame KQR-KQR} 24. Qd5 Qe7 25. g3 g6 26. Rf4 h5 27. Re4 (27. Qd3 $5 {[%cal Rd3a6]}) 27... Qf6 28. Rf4 Qe7 29. Re4 Qf6 30. Rf4 (30. Qd4 $5 {[%cal Rd4f6]} Qc6 31. Re7 $11) 30... Qe7 1/2-1/2

[Event "Turkey IS Bank Super League 2017"]
[Site "Darica-Kocaeli"]
[Date "2017.07.29"]
[Round "4"]
[White "Vorontsov, Pavlo"]
[Black "Yilmaz, Mustafa"]
[Result "1-0"]
[WhiteElo "2510"]
[BlackElo "2640"]
[Annotator "TA"]
[PlyCount "65"]
[EventType "team-tourn"]
[EventCountry "TUR"]
[SourceTitle "playchess.com"]
[Source "ChessBase"]
[SourceQuality "1"]

{[%evp 22,65,62,34,58,50,53,36,63,54,56,55,88,104,76,54,68,20,14,16,94,99,112,91,83,41,83,66,181,73,197,191,179,192,239,237,427,434,410,404,943,926,889,825,29985,29985]} 1. d4 Nf6 2. c4 e6 3. Nc3 c5 4. d5 exd5 5. cxd5 d6 6. Nf3 g6 7. Bf4 a6 8. e4 b5 9. Be2 {A70: Modern Benoni: 6 e4 g6 7 Nf3} (9. Bd3 Bg7 10. O-O Bg4 11. Re1 O-O 12. h3 Bxf3 13. Qxf3 Ne8 14. a3 Nd7 15. Bf1 Ne5 16. Qd1 Qe7 {1-0 (59) Bacrot,E (2718)-Wojtaszek,R (2744) Beijing 2014}) 9... Bg7 10. e5 dxe5 11. Nxe5 O-O 12. O-O {LiveBook: 4 Games} b4 13. Na4 Bb7 $146 ({Predecessor:} 13... Nxd5 14. Bg3 Bxe5 15. Bxe5 Nc6 16. Bg3 Nd4 17. Nxc5 Nxe2+ 18. Qxe2 Re8 {1-0 (40) Alber,H (2340)-Soos,B (2365) Germany 1994}) 14. d6 Ne4 {Black wants to play ...g5.} 15. Bf3 {Re1 is the strong threat.} Bxe5 $1 16. Bxe5 Nd7 {[#]} 17. Re1 $1 f5 18. Bxe4 (18. Bg3 $5) 18... fxe4 19. Qb3+ Rf7 20. Bg3 $1 $36 {[%mdl 2048] White has good play.} Qa5 (20... Qg5 $11) 21. a3 $16 Qb5 22. axb4 cxb4 23. Rac1 Bd5 24. Qd1 {Black must now prevent Nc5!} Raf8 (24... Bc6 $1 $14) 25. h3 (25. Qd4 $18 {has better winning chances.}) 25... Qd3 (25... Bc6 $16) 26. Nc5 $18 Nxc5 27. Rxc5 Bb3 28. Qc1 Rf5 $2 (28... Ba4 29. Re3 Qd1+ 30. Qxd1 Bxd1 31. Rxe4 Ba4 32. Rxb4 Bb5) 29. Rxf5 Rxf5 30. Qc6 Bd5 (30... Rf8 $142 31. d7 (31. Qxe4 Qxe4 32. Rxe4 Rd8 $18) 31... Rd8) 31. Qe8+ Rf8 32. d7 {[#] White wants to mate with Bd6.} Qb5 33. Qxf8+ {Precision: White = 59%, Black = 26%.} 1-0

[Event "Turkey IS Bank Super League 2017"]
[Site "Darica-Kocaeli"]
[Date "2017.07.29"]
[Round "4"]
[White "Haznedaroglu, Kivanc"]
[Black "Yilmaz, Goktan"]
[Result "1/2-1/2"]
[WhiteElo "2471"]
[BlackElo "2202"]
[Annotator "TA"]
[PlyCount "112"]
[EventType "team-tourn"]
[EventCountry "TUR"]
[SourceTitle "playchess.com"]
[Source "ChessBase"]
[SourceQuality "1"]

{[%evp 16,112,0,2,29,25,38,0,0,-29,-26,-68,-65,-122,-122,-219,-193,-204,-197,-210,-183,-188,-89,-89,-81,-125,-122,-131,-128,-119,-121,-137,-90,-89,-94,-88,-63,-63,-53,-56,-55,-47,-50,-52,-48,-73,-74,-85,-85,-85,-85,-108,-85,-103,-41,-41,-41,-95,-89,-78,-18,-24,0,0,0,0,0,0,0,0,0,0,0,0,0,0,0,0,0,0,0,0,0,0,0,0,0,0,0,0,0,0,0,0,0,0,0,0,0]} 1. d4 d5 2. c4 e6 3. Nc3 Nf6 4. Nf3 Nbd7 5. g3 c6 6. Bg2 dxc4 7. a4 Bb4 8. O-O O-O 9. Qc2 Re8 {E01: Catalan: Early deviations} (9... Qe7 10. a5 e5 11. Rd1 a6 12. d5 Nc5 13. Be3 Nb3 14. Ra4 c5 15. d6 Qe8 16. Rxb4 cxb4 17. Nd5 Nxd5 18. Rxd5 {1-0 (36) Dominguez Perez,L (2734)-Jakovenko,D (2738) Khanty-Mansiysk 2015}) 10. Rd1 Qa5 11. Na2 Bf8 12. Bd2 Qh5 (12... Qf5 $5 {[%cal Rf5c2]} 13. Qxc4 e5 $11) 13. Qxc4 $146 ({Predecessor:} 13. h3 e5 14. g4 Nxg4 15. hxg4 Qxg4 16. Be3 e4 17. Ng5 {0-1 (25) Shreyansh,D (2298)-Mithil,A (2130) Chennai 2011}) 13... e5 $1 {[%cal Be6e5,Be5e4][%mdl 32]} 14. h4 (14. Nxe5 $15 Nxe5 15. dxe5 Rxe5 16. Nc3) 14... e4 $17 15. Ng5 (15. Nh2 $17) 15... h6 $19 16. Nh3 Nb6 17. Qc2 Bxh3 ({But not} 17... Qxe2 18. Nc3 $17) 18. Bxh3 Qxe2 (18... Nbd5 $19 {is more deadly. ...e3 is the strong threat.} 19. Be1 g5) 19. Nc3 $17 Qh5 20. Re1 Nc4 21. Bg2 {[%cal Rc3e4]} Nxd2 22. Qxd2 {[%cal Rc3e4]} Bb4 23. Qc2 Qg4 24. Re3 {[%cal Rc3e4]} Bxc3 25. bxc3 Nd5 26. Rxe4 Rxe4 27. Bxe4 {[#]} Nxc3 $1 {[%mdl 512]} 28. Bh7+ (28. Qxc3 Qxe4) 28... Kh8 {aiming for ...Ne2+.} 29. Qxc3 {Hoping for Bc2.} Kxh7 $15 {[%mdl 4096] Endgame KQR-KQR} 30. Rb1 Qd7 31. a5 Re8 32. Qc5 a6 33. Kg2 g6 34. h5 Re4 (34... g5 $17 35. Qc4 Kg8) 35. hxg6+ fxg6 36. Qa7 ({White should play} 36. Rb3 $15) 36... Re7 $17 37. Qc5 Rf7 ({Black should try} 37... Qe6 $17) 38. Re1 $11 Qf5 39. Qxf5 {The position is equal.} gxf5 {KR-KR} 40. Re6 Rd7 41. Kf3 Rxd4 42. Re7+ Kg6 43. Rxb7 Ra4 44. Rb6 Rxa5 45. Rxc6+ Kg5 46. Kg2 Ra2 47. Kh3 Rxf2 {[#] White must now prevent ...a5.} 48. Rxa6 Rf3 49. Ra4 Re3 50. Rb4 h5 51. Ra4 Re4 (51... f4 $5 52. Rxf4 Kg6 $11) 52. Ra8 Rg4 53. Rg8+ Kf6 54. Rf8+ Kg5 55. Rg8+ Kf6 56. Rf8+ Kg5 {Precision: White = 74%, Black = 49%.} 1/2-1/2

[Event "Turkey IS Bank Super League 2017"]
[Site "Darica-Kocaeli"]
[Date "2017.07.29"]
[Round "4"]
[White "Ushenina, Anna"]
[Black "Atalik, Ekaterina"]
[Result "0-1"]
[WhiteElo "2458"]
[BlackElo "2445"]
[Annotator "TA"]
[PlyCount "134"]
[EventType "team-tourn"]
[EventCountry "TUR"]
[SourceTitle "playchess.com"]
[Source "ChessBase"]
[SourceQuality "1"]

{[%evp 17,134,12,21,-8,17,12,5,16,12,0,22,13,16,0,31,0,12,16,10,20,25,29,32,15,23,22,16,-12,9,8,14,-25,-11,-31,-26,-40,-38,-128,-122,-121,-126,-122,-121,-128,-93,-86,-100,-117,-107,-185,-190,-167,-189,-188,-186,-176,-187,-208,-202,-210,-180,-169,-123,-172,-147,-219,-219,-218,-204,-191,-188,-212,-208,-197,-198,-188,-187,-226,-193,-168,-191,-218,-198,-288,-299,-289,-282,-400,-397,-399,-392,-378,-376,-12834,-12834,-12835,-12835,-12835,-12834,-12838,-954,-12839,-12839,-12840,-12840,-12841,-12841,-12841,-12842,-12842,-12843,-12843,-12843,-12845,-12845,-12847,-12846,-12848,-12846]} 1. d4 Nf6 2. c4 g6 3. Nc3 d5 4. cxd5 Nxd5 5. e4 Nxc3 6. bxc3 Bg7 7. Qa4+ Nd7 8. Nf3 O-O 9. Be2 c5 10. O-O {D85: Exchange Grünfeld: Unusual White 7th moves and lines with 7 Nf3} Nb6 (10... cxd4 11. cxd4 Nc5 12. dxc5 Bxa1 13. e5 Bd7 14. Qh4 Bc6 15. Bh6 Bxf3 16. Bxf3 Qd4 17. Qxd4 Bxd4 18. Bxf8 Rxf8 19. Bxb7 Bxc5 20. Rc1 {½-½ (20) Yilmaz,M (2630)-Duda,J (2697) Khanty-Mansiysk 2017}) 11. Qa3 cxd4 12. cxd4 {The position is equal.} Bg4 13. Bg5 Re8 (13... Bxf3 $5 14. Bxf3 Qxd4 $14) 14. Bb5 Bd7 15. Be2 Bg4 16. Bb5 Bd7 17. Qb3 Bxb5 18. Qxb5 {[#]} h6 $146 ({Predecessor:} 18... Qd7 19. Rab1 Qe6 {½-½ (44) Salem,A (2570)-Eliseev,U (2550) Kocaeli 2013}) 19. Be3 Qd7 20. Rfb1 Qxb5 21. Rxb5 Nc4 22. e5 Rab8 23. a4 Rec8 24. Bc1 a6 25. Rb4 e6 26. Nd2 Na5 27. Ne4 ({White should try} 27. Rbb1 $15) 27... Nc6 $36 {[%mdl 2048] Black is in control.} 28. Rb2 ({Wrong is} 28. Rc4 $2 b5 $19) 28... Nxd4 {Threatens to win with ...Nc2.} 29. f4 b5 30. Nd6 Rc3 {Hoping for ...Nb3.} 31. axb5 axb5 32. Bd2 Rd3 33. Ba5 (33. Rab1 $17 {might work better.}) 33... Ra8 $19 34. Raa2 g5 {[%cal Bg6g5,Bg5f4][%mdl 32]} 35. Nxb5 Nxb5 36. Rxb5 gxf4 37. Rd2 Re3 38. Bc7 Rc8 39. Bd6 Rc4 40. Ra2 f3 41. gxf3 (41. g3 $17) 41... Rxf3 42. Rf2 Rcf4 43. Rxf3 Rxf3 {[%mdl 4096] Endgame KRB-KRB} 44. Rb4 Rf5 45. Re4 Kh7 46. Kg2 h5 47. h3 Bh6 48. Kg3 Kg6 49. Rc4 Bg5 50. h4 (50. Ra4 {was worth a try.}) 50... Bd2 51. Re4 Rf1 52. Be7 (52. Rc4 {is a better defense.}) 52... Kf5 53. Re2 Bf4+ 54. Kg2 Rd1 55. Bg5 $2 {[#]} (55. Bb4) 55... Bxg5 {Black is clearly winning.} 56. hxg5 Kxg5 {KR-KR} 57. Rf2 Kg6 58. Kf3 Rd4 (58... Rg1 $142 59. Ke4 Rg4+ 60. Kf3 Kg5) 59. Ke3 Rg4 60. Rf6+ Kg7 61. Rf1 h4 {[%cal Bh5h4,Bh4h3,Bh3h2][%mdl 32]} 62. Kf3 Rg5 63. Ke4 h3 64. Rh1 Rh5 65. Kf4 h2 66. Kg4 Kg6 67. Kg3 Kf5 {Precision: White = 35%, Black = 72%.} 0-1

[Event "Turkey IS Bank Super League 2017"]
[Site "Darica-Kocaeli"]
[Date "2017.07.29"]
[Round "4"]
[White "Asadli, Vugar"]
[Black "Tari, Aryan"]
[Result "1/2-1/2"]
[WhiteElo "2457"]
[BlackElo "2595"]
[Annotator "TA"]
[PlyCount "72"]
[EventType "team-tourn"]
[EventCountry "TUR"]
[SourceTitle "playchess.com"]
[Source "ChessBase"]
[SourceQuality "1"]

{[%evp 9,72,0,0,-13,-12,-14,-22,-21,0,-6,6,0,8,-5,39,45,70,47,44,53,80,37,27,20,106,38,50,33,64,39,45,33,43,43,40,47,48,55,55,76,137,128,137,137,311,105,108,102,101,102,116,45,30,37,33,27,38,38,44,70,95,19,23,0,0]} 1. e4 e5 2. Nc3 Nf6 3. g3 Bc5 4. Bg2 c6 5. Nf3 (5. f4 d6 6. Nf3 O-O 7. d3 a5 8. Qe2 Nbd7 9. a3 Re8 10. f5 b5 11. Be3 Qb6 12. Nd1 d5 {½-½ (48) Andreikin,D (2712)-Kramnik,V (2812) Dortmund 2017}) 5... d5 {LiveBook: 5 Games} 6. O-O {C26: Vienna Game: 2...Nf6, sidelines} dxe4 7. Ng5 $1 Bg4 8. Qe1 e3 $146 ({Predecessor:} 8... Nbd7 9. Ngxe4 Nxe4 10. Nxe4 Be7 11. f4 Qb6+ 12. Kh1 O-O-O {½-½ (39) Zhou,Y (2473)-Hanley,C (2437) Reading 2017}) 9. fxe3 O-O 10. Nge4 Nxe4 11. Nxe4 Bb6 12. b3 f6 13. Ba3 $36 {[%mdl 2048] White is more active.} Rf7 14. h3 Be6 15. Kh1 Na6 16. g4 c5 (16... Rd7 $11) 17. d3 ({White should play} 17. d4 $1 $16) 17... Rc8 18. Qg3 Qd7 19. Rf2 (19. g5 $5 {[%cal Rg5f6]}) 19... h6 20. Bb2 Bc7 21. Raf1 {[%cal Re4f6]} Rcf8 22. Qh4 b6 23. Ng3 Nb4 24. Nf5 Nc6 (24... Bd5 $142) 25. c4 Ne7 26. Be4 Qe8 $2 {[#]} (26... b5 $16 27. Nxe7+ Qxe7) 27. Qh5 $2 (27. Nxh6+ $1 $18 {[%mdl 512] is the precise move to win.} gxh6 28. Qxh6) 27... Bd7 $16 28. Nxe7+ Rxe7 29. Bg6 $1 {[%cal Rg6e8]} Qa8+ {[#]} 30. Kg1 (30. e4 $1 $16 Be8 31. g5 Bxg6 32. Qxg6 hxg5 33. Rxf6 Rxf6 34. Rxf6) 30... Be8 $14 31. g5 {[%cal Rg5f6]} Bxg6 32. Qxg6 {[%cal Rg5f6]} hxg5 33. Rxf6 Rxf6 34. Rxf6 Qe8 {[#]} 35. Qxg5 (35. e4 $1 $16) 35... Rd7 $11 36. Rf2 Rxd3 {Precision: White = 47%, Black = 38%.} 1/2-1/2

[Event "Turkey IS Bank Super League 2017"]
[Site "Darica-Kocaeli"]
[Date "2017.07.29"]
[Round "4"]
[White "Daulyte, Deimante"]
[Black "Buksa, Nataliya"]
[Result "0-1"]
[WhiteElo "2419"]
[BlackElo "2328"]
[Annotator "TA"]
[PlyCount "232"]
[EventType "team-tourn"]
[EventCountry "TUR"]
[SourceTitle "playchess.com"]
[Source "ChessBase"]
[SourceQuality "1"]

{[%evp 12,232,19,9,18,10,52,51,77,77,96,91,83,89,102,101,89,83,104,88,114,64,60,66,65,46,44,46,53,53,69,60,84,77,81,46,57,35,87,87,88,87,94,79,114,105,121,95,120,114,116,93,91,77,87,86,95,93,195,217,206,212,207,196,200,178,454,454,425,425,421,412,411,395,386,338,298,172,180,137,107,122,173,0,180,160,123,129,154,8,8,10,23,0,0,0,78,78,78,78,78,78,78,78,78,0,79,0,0,0,0,0,0,0,0,0,0,7,10,0,17,17,17,17,17,17,17,18,94,94,101,101,101,0,0,-115,-79,-6198,-5884,-5273,-2083,-1482,-1338,-1340,-1270,-1268,-1256,-1228,-1067,-936,-828,-1594,-1518,-29968,-29961,-29963,-7886,-29957,-772,-29955,-29955,-29954,-29955,-29958,-29959,-29958,-29954,-29970,-29968,-29963,-1011,-5189,-628,-29965,-1214,-29962,-29966,-29970,-29972,-29973,-29974,-29972,-29971,-29971,-29970,-29971,-29969,-29970,-29961,-29973,-29970,-29969,-29970,-29970,-29972,-29979,-29969,-29969,-29970,-29968,-29971,-29970,-29970,-29973,-29975,-29975,-29976,-29975,-29976,-29976,-29968,-5085,-4134,-29981,-29982,-29985,-29984,-29991,-29992,-29992,-29993,-29993,-29994]} 1. e4 e5 2. Nf3 Nc6 3. Bb5 {[%cal Bf1b5,Bb5a4,Ba4b3][%mdl 32]} a6 4. Ba4 Nf6 5. d3 b5 6. Bb3 Bc5 7. Nc3 d6 {C77: Ruy Lopez: 3...a6 4 Ba4 Nf6, unusual lines} 8. Nd5 Na5 (8... h6 9. c3 O-O 10. O-O Rb8 11. Nxf6+ Qxf6 12. h3 Ne7 13. d4 Bb6 14. Be3 Ng6 15. a4 {1-0 (45) Caruana,F (2808)-Mamedyarov,S (2800) Paris 2017}) 9. Bg5 Nxb3 {White is slightly better.} 10. axb3 c6 11. Nxf6+ gxf6 12. Be3 Bb6 $146 ({Find the theoretical novelty and annotate with similar games:} 12... Rg8 13. Bxc5 dxc5 14. Nh4 Bg4 15. Qd2 {1-0 (40) Idani,P (2568)-Khademi,M (2276) Rasht 2016}) 13. Nh4 h5 14. O-O Be6 15. Qf3 Ke7 16. Nf5+ Bxf5 $1 17. Qxf5 a5 18. Kh1 Bxe3 19. fxe3 Rh6 20. Qh3 Qg8 21. Qh4 Qg4 22. Qe1 Rg6 {[%csl Gg6][%cal Rg4g2]} 23. Rf2 a4 24. Qd2 Rgg8 ({Black should try} 24... Qc8 $14) 25. Raf1 Rg6 26. bxa4 Rxa4 27. Rf5 Rh6 28. Qf2 Qg7 29. d4 h4 30. b3 Ra8 31. dxe5 dxe5 32. Qd2 Qf8 33. Qc3 Qc8 34. Qc5+ Ke6 (34... Ke8 $16 35. Kg1 Qe6) 35. Rd1 $18 {[%csl Gd1][%cal Rc5d6]} Qd7 36. Rff1 {[%cal Bf5f1,Bf1d1,Bd1d8][%mdl 32]} Qc7 37. Rd2 {Threatening mate with Rfd1.} Rhh8 38. c4 $1 $36 {[%cal Rc4b5][%mdl 2048] Keeping Black busy.} Rhc8 $2 (38... bxc4 39. Qxc4+ Ke7 40. Qc5+ Ke8) 39. Rfd1 {Rd6+ would kill now.} Rd8 40. Rxd8 Rxd8 41. Rxd8 Qxd8 {[%cal Rd8d1]} 42. Qxc6+ {[%mdl 4096] Endgame KQ-KQ} Ke7 {[%cal Rd8d1]} 43. Qc5+ $1 Ke8 {[%cal Rd8d1]} 44. Qxb5+ (44. Qd5 $142 {Strongly threatening Qxd8+.} Qe7 45. Qa8+ (45. cxb5 Qb4 $11) (45. Qxb5+ Kf8 $18) 45... Kd7 46. Qb7+ (46. cxb5 Qb4 $11) 46... Kd8 47. Qb8+ (47. Qxb5 Qa7 $11) 47... Kd7 48. Qxb5+ Kc7 49. Qa5+ Kb8 50. Qb6+ Kc8 51. h3) 44... Kf8 {[%cal Rd8d1]} 45. Qd5 Qb6 46. Qd3 $1 Qb4 (46... Qa5 $16 47. Qb1 Qc3) 47. Qd8+ $1 Kg7 {[%cal Rb4e1]} 48. Qd1 Qc3 49. h3 Kf8 50. Qg4 (50. Qb1 $16) 50... Qxb3 $11 51. Qxh4 Ke7 $1 52. Qf2 (52. Kh2 {is interesting.} Qxe3 53. Qg4 Qd3 54. c5 Qc2 55. Qc8) 52... Qxc4 53. Qf3 Qc6 (53... Qc1+ $1 $11 {keeps the balance.} 54. Kh2 Qe1) 54. Kh2 $16 Kf8 55. h4 Kg7 56. Kh3 Qb6 57. Kg4 Qd8 58. Kh3 Qb6 $1 59. g4 (59. Qg3+ $16 Kh8 60. Qf3) 59... Qd8 $11 60. h5 Kh6 61. Qf5 Qb6 62. Kh4 {Black must now prevent g5+.} Qd8 $1 63. Kg3 Qb6 64. Kf2 Qd6 65. Kg3 Qb6 66. Qf2 (66. Kh2 {is more complex.} Qd8 67. Kg2 Qd2+ 68. Qf2 Qd6 69. Qe2) 66... Qd8 67. Qf1 Qb6 68. Qf3 Qd8 69. Kh3 Qb6 70. Qf2 Qd6 71. Qc2 Qd8 72. Qb3 (72. Kg2 $16) 72... Qd2 73. Qa3 (73. Qxf7 $11 Qxe3+ 74. Kh2 Qf4+ 75. Kh3 Qe3+ 76. Kh4 Qg5+ 77. Kh3) 73... Kg5 $17 74. Qf8 $2 {[%mdl 8192]} (74. h6 $17) 74... Qxe3+ $19 75. Kh2 Qf4+ (75... Qe2+ $142 76. Kg3 Qxg4+ 77. Kf2 Qxh5) 76. Kg1 Qxg4+ 77. Kf2 Qxh5 78. Ke3 Qh3+ 79. Kd2 Qg2+ 80. Kd3 Qf3+ 81. Kd2 Qxe4 82. Qxf7 Qd4+ 83. Ke2 Qb2+ (83... f5 $142 84. Qg8+ Kf4 85. Qe6 Kg5 86. Qe7+ Kg4 87. Qg7+ Kf4 88. Qh7 Qe3+ 89. Kf1 Qd3+ 90. Kf2 Qd2+ 91. Kf1 Qd1+ 92. Kf2 Qc2+ 93. Kf1 Qd3+ 94. Ke1 Kg3 95. Qg8+ Kh3 96. Qc8 Qg3+ 97. Ke2 Qg4+ 98. Kd2 e4 99. Qh8+ Kg2 100. Qe5 Qf3 101. Qg7+ Kf2 102. Kc2 e3 103. Qa7 Qe4+ 104. Kb2 Qe5+ 105. Ka2 Kf1 106. Qa6+ e2 107. Kb1 Kf2 108. Qa7+ Kf1 109. Qa6 Kf2 110. Qb6+ Qe3 111. Qb2 Kg1 112. Qb4 e1=Q+ 113. Qxe1+ Qxe1+ 114. Kc2 Qb4 115. Kc1 Kf2 116. Kd1 Qc4 117. Kd2 f4 118. Kd1 Ke3 119. Ke1 Qe2#) 84. Kf3 Qa3+ (84... Qb1 $142 85. Qg8+ Qg6 86. Qb3 Kh4 87. Kf2 Qf5+ 88. Kg2 Qg5+ 89. Kf1 Qf4+ 90. Ke2 e4 91. Qb4 f5 92. Qe1+ Kh3 93. Qc3+ e3 94. Qxe3+ Qxe3+ 95. Kxe3 Kg3 96. Ke2 f4 97. Kf1 Kf3 98. Ke1 Kg2 99. Kd2 f3 100. Ke3 f2 101. Kd4 f1=Q 102. Kc5 Qa6 103. Kd5 Kf3 104. Kc5 Ke4 105. Kb4 Qc6 106. Ka3 Kd3 107. Kb4 Qb6+ 108. Ka4 Kc3 109. Ka3 Qb3#) 85. Kf2 Qc5+ 86. Kf3 {[#]} Qc6+ $1 87. Ke3 Qc3+ 88. Kf2 Qc2+ 89. Ke3 Qg6 90. Qd5 Qh6 (90... Qf5 $142 91. Qd8 Qf4+ 92. Ke2 e4 93. Qe7 Kg4 94. Qa7 f5 95. Qg7+ Kh3 96. Qb7 Kg2 97. Kd1 Qf3+ 98. Kc2 e3 99. Qg7+ Qg4 100. Qc3 Qg3 101. Qc6+ Qf3 102. Qg6+ Qg4 103. Qa6 Qe4+ 104. Kb2 e2 105. Qg6+ Kf2 106. Qb6+ Qe3 107. Qc7 Qd2+ 108. Ka3 f4 109. Ka4 e1=Q 110. Qc5+ Qee3 111. Kb5 Qdd3+ 112. Qc4 Qe8+ 113. Kb4 Qb8+ 114. Ka5 Qa3+ 115. Qa4 Qbb4+ 116. Ka6 Qaxa4#) 91. Qe6 Qf8 (91... Qh7 $142 92. Kd2 Qh2+ 93. Kc3 Qg3+ 94. Kd2 f5) 92. Qc6 Qa3+ (92... Qb4 $142 93. Qg2+ Qg4 94. Qb7 Qf4+ 95. Kd3 f5 96. Qg2+ Qg4 97. Qd2+ Kh4 98. Kc2 Qc4+ 99. Kb1 Qe4+ 100. Ka2 f4 101. Qh2+ Kg4 102. Qg1+ Kh3 103. Qc1 f3 104. Qh1+ Kg3 105. Qg1+ Kf4 106. Qc1+ Qe3 107. Qc4+ Qd4 108. Qc1+ Kg4 109. Qc8+ Kg3 110. Qg8+ Qg4 111. Qd5 e4 112. Qd6+ Kg2 113. Qd4 f2 114. Qd2 Qe6+ 115. Ka3 e3 116. Qd8 f1=Q 117. Qg5+ Kh2 118. Qh5+ Kg1 119. Qg5+ Qg2 120. Qxg2+ Kxg2 121. Ka4 e2 122. Kb5 e1=Q 123. Ka4 Qc4+ 124. Ka3 Qec3#) 93. Kf2 Qb2+ 94. Ke3 f5 95. Qe6 Qd4+ 96. Ke2 Qg4+ 97. Kf2 Qh4+ 98. Ke2 Qh2+ 99. Kf1 Qb2 100. Qc6 e4 101. Qd6 Qc1+ 102. Kg2 Qc2+ 103. Kg1 Qd3 104. Qe7+ Kg4 105. Qg7+ {[#]} Kf3 $1 106. Qg2+ Kf4 107. Qf2+ Kg4 108. Qb2 Qg3+ 109. Kh1 Qh4+ 110. Kg1 Qg5 111. Kf1 Qf4+ 112. Kg1 e3 {Black mates.} 113. Qe2+ Kg5 114. Qd3 Qg3+ 115. Kh1 Qe1+ 116. Kg2 Qd2+ {Precision: White = 50%, Black = 69%.} 0-1